| 000 | 00000nam 2200000zi 4500 |
| 001 | 9.933026 |
| 003 | CaOODSP |
| 005 | 20240215112458 |
| 006 | m o d f |
| 007 | cr |n||||||||| |
| 008 | 240126s1988 abcad ob f000 0 eng d |
| 040 | |aCaOODSP|beng|erda|cCaOODSP |
| 043 | |an-cn-ab |
| 086 | 1 |aDR52-6/20-1988E-PDF |
| 100 | 1 |aBernhardt, Richard H., |eauthor. |
| 245 | 10|aDescription of the DRES practice mine hardware (u) / |cR. Bernhardt, R. Chesney. |
| 246 | 34|aDescription of the DRES practice mine hardware |
| 264 | 1|a[Ralston, Alta.] : |b[Defence Research Establishment Suffield], |c[1988] |
| 300 | |a1 online resource (v, 81, [2] pages) : |billustrations, charts |
| 336 | |atext|btxt|2rdacontent |
| 337 | |acomputer|bc|2rdamedia |
| 338 | |aonline resource|bcr|2rdacarrier |
| 490 | 1 |aSuffield memorandum ; |v1240 |
| 500 | |a"PCN 031SD"--title page. |
| 500 | |aDigitized edition from print [produced by Defence Research and Development Canada]. |
| 504 | |aIncludes bibliographical references (page 56). |
| 520 | 3 |a"The Ordnance Detection Group (ODG) of the Defence Research Establishment Suffield (DRES) has designed an electronically fuzed landmine to be used during training exercises. A description of the hardware within the Practice Mine is given in this report."--abstract. |
| 650 | 0|aLand mines|zCanada|xSimulation methods. |
| 650 | 6|aMines terrestres|zCanada|xMéthodes de simulation. |
| 655 | 7|aTechnical reports|2lcgft |
| 655 | 7|aRapports techniques|2rvmgf |
| 710 | 2 |aDefence Research Establishment Suffield, |eissuing body. |
| 830 | #0|aSuffield memorandum ;|vno. 1240.|w(CaOODSP)9.870467 |
| 856 | 40|qPDF|s3.95 MB|uhttps://publications.gc.ca/collections/collection_2024/rddc-drdc/DR52-6-20-1988-eng.pdf |
| 986 | |aSM 1240 |